000 00305nam a22001337a 4500
008 170602b xxu||||| |||| 00| 0 eng d
020 _a9780205360031
041 _aeng
080 _24 ED
_a94
100 _a17
101 _aSHH
245 _aNEW HISTORY SOCIAL WELFARE
_cDAY.PH.J
942 _2udc
_cBK
999 _c15664
_d15664